Szegedi szövetkezetek sikerei Őszi BNV
Elmentve itt :
| Dokumentumtípus: | Cikk |
|---|---|
| Megjelent: |
1984-09-19
|
| Sorozat: | Délmagyarország
74 No. 220 |
| Kulcsszavak: | Medikémia Ktsz., Szűcsipari Ktsz., Univerzál Ktsz. |
| Online Access: | http://dmarchiv.bibl.u-szeged.hu/104516 |
| LEADER | 00453nab a2200145 i 4500 | ||
|---|---|---|---|
| 001 | delm104516 | ||
| 005 | 20190903133706.0 | ||
| 008 | 190903s1984 hu o 0|| hun d | ||
| 040 | |a SZTE Délmagyarország Archívum |b hun | ||
| 041 | |a hun | ||
| 245 | 0 | 0 | |a Szegedi szövetkezetek sikerei |h [elektronikus dokumentum] : |b Őszi BNV |
| 260 | |c 1984-09-19 | ||
| 300 | |a 3 | ||
| 490 | 0 | |a Délmagyarország |v 74 No. 220 | |
| 695 | |a Medikémia Ktsz., Szűcsipari Ktsz., Univerzál Ktsz. | ||